| 000 | 00969cam a22002775a 4500 | ||
|---|---|---|---|
| 001 | 17973325 | ||
| 005 | 20201128021250.0 | ||
| 008 | 131216t2014 enkako frb 001 0 eng d | ||
| 020 | _a9781781004425 (hardback) | ||
| 020 | _z9781781004432 (ebook) | ||
| 040 |
_aDLC _beng _cDLC _dEG-ScBUE |
||
| 082 | 0 | 4 |
_222 _a658.421 _bHAN |
| 245 | 0 | 0 |
_aHandbook of research on entrepreneurship and creativity / _cedited by Rolf Sternberg, Gerhard Krauss. |
| 260 |
_aCheltenham ; _aNorthampton : _bEdward Elgar Pub. Ltd., _cc.2014. |
||
| 300 |
_axxii, 411 p. : _bforms, photographs, tables ; _c24 cm. |
||
| 500 | _aIndex : p. 399-411. | ||
| 504 | _aBibliography : p. 392-397. | ||
| 650 | 7 |
_aEntrepreneurship. _2BUEsh _9240 |
|
| 650 | 7 |
_aCreative ability in business. _2BUEsh _937582 |
|
| 651 | _2BUEsh | ||
| 653 |
_bBUSADM _cMay2015 _cJune2015 |
||
| 655 |
_vreading book _934232 |
||
| 700 | 1 |
_aSternberg, Rolf, _eeditor. _96857 |
|
| 700 | 1 |
_aKrauss, Gerhard, _eeditor. |
|
| 942 | _2ddc | ||
| 999 |
_c19388 _d19360 |
||